Historia por letra - B - Estadísticas

Estadísticas generales
  • Esta prueba ha sido intentada 11.757 veces
  • La puntuación promedio es 12 de 21
Estadísticas de respuestas
Pista Respuesta % Correcto
Ciudad que estuvo separada por un muro hasta 1989 Berlín
97%
El apellido de Napoleón Bonaparte
96%
Compositor alemán sordo Ludwig van Beethoven
90%
Antigua ciudad que supuestamente tenía jardines colgantes Babilonia
83%
"Libertador" de América del Sur y Central Simón Bolívar
77%
¿Qué vino antes de la Edad de Hierro? Edad de Bronce
76%
La facción rusa que llegó al poder en la Revolución de Octubre Bolchevique
67%
La prisión que fue asaltada en la Revolución Francesa Bastilla
65%
Apodo para el pirata Edward Teach Barbanegra
63%
A menudo se le atribuye la invención del teléfono Alexander Graham Bell
60%
El Imperio Romano Oriental Imperio Bizantino
57%
Ciudad que tuvo un "Motín del Té" en 1773 Boston
56%
Siddhārtha Gautama Buda
48%
La esposa decapitada de Enrique VIII de Inglaterra Ana Bolena
46%
La capital moderna cerca de esa ciudad Bagdad
46%
La ciudad donde se construyó el Titanic Belfast
32%
La familia literaria de Anne, Emily y Charlotte Brontë
30%
Descendientes de los colonos neerlandeses de Sudáfrica Bóer
25%
El bombardeo alemán del Reino Unido durante la Segunda Guerra Mundial El Blitz
18%
Lugar donde el ejercito napoleónico fue derrotado por primera vez Bailén
14%
La reina celta que lideró una revuelta contra los romanos Boudica
10%
No se encontraron pruebas coincidentes
Distribución de puntuación
Porcentaje de gente con cada puntuación
Porcentaje por número respondido
Historial de tus puntuaciones
No has intentado esta prueba.